[Event "AUT-ch"]
[Site "Voitsberg"]
[Date "1995.??.??"]
[Round "9"]
[White "Lendwai, Reinhard"]
[Black "Sommerbauer, Norbert"]
[Result "0-1"]
[WhiteElo "2385"]
[BlackElo "2385"]
[PlyCount "38"]
[EventDate "1995.??.??"]
[Source "ChessBase"]

1. e4 d5 2. exd5 Qxd5 3. Nc3 Qa5 4. b4 Qxb4 5. Rb1 Qd6 6. Nf3 Nf6 7. d4 e6 8. Bd3 a6 9. O-O Nbd7 10. Re1 Be7 11. Qe2 c5 12. d5 Nxd5 13. Nxd5 Qxd5 14. Be4 Qd6 15. Bxb7 Bxb7 16. Rxb7 Qc6 17. Qe4 Qxe4 18. Rxe4 Nf6 19. Ra4 O-O-O 0-1

[Event "ch"]
[Site "chess.net INT"]
[Date "1995.??.??"]
[Round "9"]
[White "Lendwai, Reinhard"]
[Black "Sommerbauer, Norbert"]
[Result "0-1"]
[WhiteElo "2385"]
[BlackElo "2370"]
[PlyCount "38"]
[EventDate "1995.??.??"]
[Source "www.chesslib.no"]
[SourceDate "2004.05.04"]

1. e4 d5 2. exd5 Qxd5 3. Nc3 Qa5 4. b4 Qxb4 5. Rb1 Qd6 6. Nf3 Nf6 7. d4 e6 8. Bd3 a6 9. O-O Nbd7 10. Kh1 Be7 11. Ba3 c5 12. Bxa6 Kd8 13. Nb5 Qb6 14. Qe1 Bd6 15. Ng1 Qc7 16. Rb2 Bf4 17. g4 Qd6 18. Qe5 Qe7 19. Qf5 exf5 0-1

[Event "Bucharest ROM"]
[Site "?"]
[Date "2006.01.20"]
[Round "7"]
[White "Osman Mihai"]
[Black "Golubev Mihail"]
[Result "0-1"]
[WhiteElo "2161"]
[BlackElo "2517"]
[PlyCount "74"]
[EventDate "2006.??.??"]
[Source "www.chesslib.no"]
[SourceDate "2004.05.04"]

1. e4 d5 2. exd5 Qxd5 3. Nc3 Qa5 4. b4 Qxb4 5. Rb1 Qd6 6. d4 Nf6 7. Nb5 Qd8 8. c4 c6 9. Nc3 g6 10. Bg5 Bg7 11. Qd2 O-O 12. Nf3 Na6 13. c5 Nc7 14. Bc4 b5 15. cxb6 axb6 16. Rxb6 Nb5 17. Rxc6 Nxc3 18. Qxc3 Ne4 19. Qb4 Bd7 20. Rb6 Ra4 21. Bxf7+ Rxf7 22. Qb3 Bxd4 23. Rb8 Bxf2+ 24. Kf1 Bc8 25. Rxc8 Qxc8 26. Qxa4 Rxf3 27. Qxe4 Rf7 28. Ke2 Qa6+ 29. Qd3 Qxa2+ 30. Bd2 Qe6+ 31. Kd1 Qg4+ 32. Kc2 Qxg2 33. Ra1 e5 34. Qd8+ Rf8 35. Qd7 Qe4+ 36. Qd3 Rc8+ 37. Bc3 Rxc3+ 0-1

[Event "Havana-B"]
[Site "Havana CUB"]
[Date "1992.??.??"]
[Round "?"]
[White "Nunez, Antonio"]
[Black "Elissalt Cardenas, Hector"]
[Result "0-1"]
[WhiteElo "2340"]
[BlackElo "2265"]
[PlyCount "40"]
[EventDate "1992.??.??"]
[Source "www.chesslib.no"]
[SourceDate "2004.05.04"]

1. e4 d5 2. exd5 Qxd5 3. Nc3 Qa5 4. b4 Qxb4 5. Rb1 Qd6 6. Nf3 Nf6 7. Bc4 a6 8. a4 Nc6 9. O-O Nd4 10. Nxd4 Qxd4 11. Rb4 Qd8 12. Re1 e6 13. Rb3 Bc5 14. Ne4 Nxe4 15. Rxe4 Qf6 16. Bb2 Qxf2+ 17. Kh1 Bd6 18. Qg4 Bd7 19. Rf3 Qxd2 20. Rxf7 Qh6 0-1

[Event "Hamburg op"]
[Site "Hamburg"]
[Date "1981.??.??"]
[Round "4"]
[White "Stein, Bernd"]
[Black "Backwinkel, Paul"]
[Result "1-0"]
[WhiteElo "2295"]
[BlackElo "2275"]
[PlyCount "41"]
[EventDate "1981.07.??"]
[Source "ChessBase"]

1. e4 d5 2. exd5 Qxd5 3. Nc3 Qa5 4. b4 Qxb4 5. Rb1 Qd6 6. d4 c6 7. Nf3 Nf6 8. Bd3 e6 9. O-O Nbd7 10. Re1 Be7 11. Rb3 Qc7 12. Ne5 O-O 13. Bg5 c5 14. Ne4 Nxe5 15. Nxf6+ gxf6 16. Bxh7+ Kg7 17. Bh6+ Kxh7 18. dxe5 Rg8 19. Qh5 Rg6 20. Rh3 Kg8 21. Bg7 1-0

[Event "AUT-ch"]
[Site "Frohnleiten"]
[Date "2000.??.??"]
[Round "9.16"]
[White "Posch, Werner"]
[Black "Roth, Peter"]
[Result "1/2-1/2"]
[WhiteElo "2249"]
[BlackElo "2307"]
[PlyCount "39"]
[EventDate "2000.08.05"]
[Source "ChessBase"]
[SourceDate "2000.09.14"]

1. e4 d5 2. exd5 Qxd5 3. Nc3 Qa5 4. b4 Qxb4 5. Rb1 Qd6 6. Nf3 c6 7. d4 Nf6 8. Bd3 Nbd7 9. O-O e6 10. Re1 Qc7 11. Ne5 Nxe5 12. dxe5 Nd7 13. Bf4 Nc5 14. Ne4 Nxe4 15. Rxe4 h6 16. h4 b6 17. a4 Bb7 18. a5 Rd8 19. Qe2 Be7 20. Qg4 1/2-1/2

[Event "Politiken Cup"]
[Site "Copenhagen DEN"]
[Date "1982.??.??"]
[Round "5"]
[White "Zieher, Hartmut"]
[Black "Berg, Klaus"]
[Result "0-1"]
[WhiteElo "2260"]
[BlackElo "2295"]
[PlyCount "70"]
[EventDate "1982.06.??"]
[Source "www.chesslib.no"]
[SourceDate "2004.05.04"]

1. e4 d5 2. exd5 Qxd5 3. Nc3 Qa5 4. b4 Qxb4 5. Rb1 Qd6 6. d4 c6 7. Nf3 Nf6 8. Bd3 e6 9. O-O Be7 10. Qe2 Nbd7 11. Rb3 Qc7 12. Ne5 Nxe5 13. dxe5 Nd7 14. Bf4 Nc5 15. Rbb1 b6 16. Ne4 Nxe4 17. Bxe4 Bb7 18. Rfd1 Rd8 19. Rxd8+ Kxd8 20. h4 h5 21. g3 Kc8 22. Rd1 g6 23. Qc4 Rd8 24. Rxd8+ Bxd8 25. Kh2 c5 26. f3 Bxe4 27. Qxe4 Qb7 28. Qe2 Qd5 29. a3 Qd4 30. Kh3 Qa1 31. Qa6+ Kb8 32. Kg2 Qd1 33. Qc4 Bc7 34. Qa4 Qe2+ 35. Kg1 b5 0-1

[Event "Rilton Cup"]
[Site "Stockholm SWE"]
[Date "1978.??.??"]
[Round "5"]
[White "Ekstroem, Roland"]
[Black "Persson, Hakon"]
[Result "0-1"]
[WhiteElo "2360"]
[BlackElo "2155"]
[PlyCount "66"]
[EventDate "1978.??.??"]
[Source "www.chesslib.no"]
[SourceDate "2004.05.04"]

1. e4 d5 2. exd5 Qxd5 3. Nc3 Qa5 4. b4 Qxb4 5. Rb1 Qd6 6. Nf3 a6 7. Be2 Nf6 8. O-O b5 9. d4 Nbd7 10. Bg5 Bb7 11. Bh4 e6 12. Bg3 Qa3 13. Bxb5 Qxc3 14. Bxd7+ Nxd7 15. Rxb7 Bd6 16. Bxd6 cxd6 17. d5 e5 18. Ng5 Qc8 19. Ne4 Ke7 20. Rb3 Qc4 21. Qf3 Rhc8 22. Rb7 Rc7 23. Rfb1 Qxc2 24. g3 Rac8 25. Nxd6 Kxd6 26. Qxf7 Qg6 27. Qf3 Rc3 28. Qe2 Qd3 29. Qe1 Qc4 30. Kg2 Qxd5+ 31. Kh3 R8c4 32. Qe2 g5 33. Rd1 Rh4# 0-1

[Event "Corr"]
[Site "?"]
[Date "1998.04.08"]
[Round "?"]
[White "Johnson Bjorn (SVE)"]
[Black "Oaker William R.(CAN)"]
[Result "1-0"]
[WhiteElo "2250"]
[BlackElo "2235"]
[PlyCount "69"]
[EventDate "1998.??.??"]
[Source "www.chesslib.no"]
[SourceDate "2004.05.04"]

1. e4 d5 2. exd5 Qxd5 3. Nc3 Qa5 4. b4 Qxb4 5. Rb1 Qd6 6. Nf3 Nf6 7. d4 a6 8. Bd3 g6 9. O-O Bg7 10. Ne2 O-O 11. Bf4 Qd8 12. c4 Nh5 13. Bg5 Nc6 14. Be4 Qd7 15. Qd2 Rd8 16. d5 Ne5 17. Nxe5 Bxe5 18. f4 Bg7 19. f5 Nf6 20. Bxf6 exf6 21. Ng3 b6 22. Qf2 a5 23. d6 Ra7 24. dxc7 Qxc7 25. Qxb6 Rd2 26. a4 Qxb6+ 27. Rxb6 Rc7 28. Bd5 Ra2 29. Rb8 Bf8 30. Ne4 gxf5 31. Nxf6+ Kh8 32. g3 Rxa4 33. Re1 Bb4 34. Re2 f4 35. Nh5 1-0

[Event "Landesliga Nord 0203"]
[Site "?"]
[Date "2003.03.30"]
[Round "9.2"]
[White "Gross Stefan"]
[Black "Sadeghi Behrang"]
[Result "1/2-1/2"]
[WhiteElo "2281"]
[BlackElo "2184"]
[PlyCount "32"]
[EventDate "2003.??.??"]
[Source "www.chesslib.no"]
[SourceDate "2004.05.04"]

1. e4 d5 2. exd5 Qxd5 3. Nc3 Qa5 4. b4 Qxb4 5. Rb1 Qd6 6. Nf3 Nf6 7. d4 a6 8. Bd3 Nc6 9. O-O g6 10. Ne4 Nxe4 11. Bxe4 Bg7 12. c3 O-O 13. Qb3 Bd7 14. Ba3 Qf4 15. Rfe1 Rab8 16. Bc1 Qd6 1/2-1/2

[Event "Papp Bela Memorial"]
[Site "HUN"]
[Date "1995.??.??"]
[Round "?"]
[White "Kovacs, Zoltan"]
[Black "Peredy, Ferenc"]
[Result "0-1"]
[WhiteElo "2235"]
[BlackElo "2230"]
[PlyCount "21"]
[EventDate "1995.??.??"]
[Source "www.chesslib.no"]
[SourceDate "2004.05.04"]

1. e4 d5 2. exd5 Qxd5 3. Nc3 Qa5 4. b4 Qb6 5. Nf3 Nc6 6. h3 Ne5 7. g4 Be6 8. Bd3 Nd7 9. Bc4 c6 10. Bb3 Qa6 11. a3 0-1

[Event "Budapest FS12 IM-B"]
[Site "Budapest"]
[Date "2000.12.13"]
[Round "11"]
[White "Franchini, Gabriele"]
[Black "Khechumyan, Gagik"]
[Result "0-1"]
[WhiteElo "2159"]
[BlackElo "2255"]
[PlyCount "46"]
[EventDate "2000.12.02"]
[Source "ChessBase"]
[SourceDate "2001.01.11"]

1. e4 d5 2. exd5 Qxd5 3. Nc3 Qa5 4. b4 Qxb4 5. Rb1 Qd6 6. d4 Nf6 7. Nf3 e6 8. Bd3 c6 9. O-O Nbd7 10. Ne2 Qc7 11. c4 b6 12. Nc3 Be7 13. Re1 O-O 14. Bg5 Bb7 15. Qe2 Rfe8 16. Ne5 Nxe5 17. dxe5 Nd7 18. Bxe7 Rxe7 19. Qe4 f5 20. exf6 Nxf6 21. Qh4 Rd8 22. Re3 Red7 23. Ne4 Rxd3 0-1

[Event "Aarhus-A"]
[Site "Aarhus DEN"]
[Date "1987.??.??"]
[Round "2"]
[White "Brautsch, Soren"]
[Black "Larsen, Ernst"]
[Result "1/2-1/2"]
[WhiteElo "2200"]
[BlackElo "2200"]
[PlyCount "79"]
[EventDate "1987.??.??"]
[Source "www.chesslib.no"]
[SourceDate "2004.05.04"]

1. e4 d5 2. exd5 Qxd5 3. Nc3 Qa5 4. b4 Qxb4 5. Rb1 Qd6 6. Nf3 Nf6 7. d4 a6 8. Bd3 e6 9. O-O Be7 10. Re1 O-O 11. Ng5 h6 12. Nce4 Nxe4 13. Nxe4 Qd8 14. c3 Nd7 15. Qf3 Nf6 16. Nxf6+ Bxf6 17. Qe4 g6 18. Bxh6 Re8 19. Re3 Bg7 20. Bxg7 Kxg7 21. Qe5+ f6 22. Qe4 f5 23. Qe5+ Qf6 24. Qxc7+ Re7 25. Qc5 b5 26. d5 Bb7 27. d6 Rd7 28. Rbe1 Rc8 29. Qa7 Rxc3 30. Rxe6 Qxe6 31. Rxe6 Rc1+ 32. Bf1 Rxf1+ 33. Kxf1 Bxg2+ 34. Kxg2 Rxa7 35. Kf3 Kf7 36. d7 Rxd7 37. Rxa6 Rd4 38. Ra5 b4 39. Ra4 Kf6 40. h3 1/2-1/2

[Event "Barbera op"]
[Site "?"]
[Date "2000.??.??"]
[Round "1"]
[White "Menac Comas Joan Ramon"]
[Black "Hernando Rodrigo Julio Ant"]
[Result "0-1"]
[WhiteElo "2076"]
[BlackElo "2323"]
[PlyCount "60"]
[EventDate "2000.??.??"]
[Source "www.chesslib.no"]
[SourceDate "2004.05.04"]

1. e4 d5 2. exd5 Qxd5 3. Nc3 Qa5 4. b4 Qxb4 5. Rb1 Qd6 6. Be2 Nf6 7. Nf3 c6 8. O-O e6 9. d4 Nbd7 10. g3 Qc7 11. Qd3 h6 12. Nd2 Be7 13. Nc4 O-O 14. Bf4 Qd8 15. Rfd1 Nd5 16. Nxd5 exd5 17. Ne3 Nb6 18. Nf5 Bg5 19. Bxg5 hxg5 20. Bg4 Qf6 21. Re1 Bxf5 22. Bxf5 Rae8 23. Re3 Rxe3 24. fxe3 g6 25. Bg4 Re8 26. Re1 Qe7 27. Bf3 Nc4 28. e4 Qa3 29. e5 Qxd3 30. cxd3 Na3 0-1

[Event "Wiesbaden"]
[Site "?"]
[Date "2000.08.29"]
[Round "5"]
[White "Schloessner Henrik"]
[Black "Bakhmatov Eduard"]
[Result "0-1"]
[WhiteElo "2126"]
[BlackElo "2273"]
[PlyCount "144"]
[EventDate "2000.??.??"]
[Source "www.chesslib.no"]
[SourceDate "2004.05.04"]

1. e4 d5 2. exd5 Qxd5 3. Nc3 Qa5 4. b4 Qe5+ 5. Be2 c6 6. Nf3 Qc7 7. b5 Nf6 8. Ba3 g6 9. Bb2 Bg7 10. bxc6 bxc6 11. Ne4 Nbd7 12. O-O O-O 13. Nxf6+ Nxf6 14. h3 Rd8 15. Bc4 Bf5 16. Qe2 Nd5 17. Bxg7 Kxg7 18. d3 Rd6 19. Nd4 Bd7 20. Nf3 Re6 21. Qd2 Rf6 22. Ng5 Rf5 23. Rfe1 Re8 24. Ne4 Nf4 25. Rab1 Rh5 26. Ng3 Rg5 27. Re4 e5 28. d4 Bf5 29. Rxe5 Rxe5 30. dxe5 Qxe5 31. Rb7 Be6 32. Bxe6 Nxe6 33. Rxa7 Qa1+ 34. Kh2 Rd5 35. Qe3 Qf6 36. a4 h5 37. c4 Rd4 38. Qe2 h4 39. Nf1 Qf4+ 40. Kg1 Qb8 41. Re7 Qd6 42. Re8 Rd1 43. a5 Ra1 44. c5 Qd4 45. a6 Nf4 46. Qe4 Qxe4 47. Rxe4 g5 48. g3 hxg3 49. fxg3 Ne6 50. Kf2 Rxa6 51. h4 gxh4 52. gxh4 Nxc5 53. Re7 Ne6 54. Ne3 Ra1 55. Re8 c5 56. Rc8 Rh1 57. Kg2 Rc1 58. Kf3 Kf6 59. Ng4+ Kf5 60. Ne3+ Ke5 61. h5 f5 62. Kg2 f4 63. Ng4+ Kf5 64. Rg8 Ng5 65. h6 f3+ 66. Kf2 Kf4 67. Rxg5 Kxg5 68. Kxf3 Rc3+ 69. Ne3 Kxh6 70. Ke2 Kg5 71. Kd2 Ra3 72. Nc4 Rh3 0-1

[Event "Corr"]
[Site "?"]
[Date "2001.05.20"]
[Round "?"]
[White "Pinasco Damian"]
[Black "Markus Roland"]
[Result "1/2-1/2"]
[WhiteElo "2036"]
[BlackElo "2356"]
[PlyCount "102"]
[EventDate "2001.??.??"]
[Source "www.chesslib.no"]
[SourceDate "2004.05.04"]

1. e4 d5 2. exd5 Qxd5 3. Nc3 Qa5 4. b4 Qxb4 5. Rb1 Qd6 6. Nf3 Nf6 7. d4 e6 8. Bd3 a6 9. O-O Nbd7 10. Ne4 Nxe4 11. Bxe4 f5 12. Bd3 Be7 13. Re1 O-O 14. Qe2 b5 15. Qxe6+ Qxe6 16. Rxe6 Bd6 17. Re2 Nb6 18. Bg5 Bb7 19. Be7 Bxf3 20. gxf3 Bxe7 21. Rxe7 Rac8 22. Rc1 Nd5 23. Re5 Nf4 24. Bf1 Ng6 25. Re6 c6 26. Rce1 Rfd8 27. c3 Nf4 28. Re7 Nd5 29. Ra7 Nxc3 30. Ree7 Kh8 31. Rxa6 h6 32. Re6 b4 33. Rexc6 Rxc6 34. Rxc6 Nxa2 35. Bd3 Nc3 36. Kf1 Nd5 37. Bc2 Rb8 38. Bb3 Nf4 39. d5 Ra8 40. Ke1 Rd8 41. d6 g6 42. Kd2 Kg7 43. Ke3 g5 44. Kd4 Kf6 45. Rb6 h5 46. d7+ Ke7 47. Ke5 Rxd7 48. Kxf5 Rd4 49. Kxg5 h4 50. Kf5 Nd3 51. Bc2 Nc5 1/2-1/2

[Event "The Kaf"]
[Site "?"]
[Date "2001.07.08"]
[Round "6.4"]
[White "Goldsmith Alan D"]
[Black "Tao Trevor"]
[Result "1-0"]
[WhiteElo "1974"]
[BlackElo "2376"]
[PlyCount "75"]
[EventDate "2001.??.??"]
[Source "www.chesslib.no"]
[SourceDate "2004.05.04"]

1. e4 d5 2. exd5 Qxd5 3. Nc3 Qa5 4. b4 Qxb4 5. Rb1 Qd6 6. Rb3 c6 7. Nf3 Nf6 8. d4 e6 9. Ne5 Nbd7 10. f4 h5 11. Bd3 Be7 12. Ba3 Qxd4 13. Nxf7 Bxa3 14. Nxh8 Qc5 15. Qe2 Nb6 16. Ne4 Nxe4 17. Qxe4 Bd7 18. Qg6+ Kd8 19. Qg5+ Qxg5 20. Nf7+ Ke7 21. Nxg5 Bd6 22. g3 Rb8 23. Ne4 Na4 24. Nxd6 Kxd6 25. Ke2 Nc5 26. Ra3 a6 27. Bg6 Rh8 28. Rd1+ Ke7 29. Re3 h4 30. g4 Kf6 31. Re5 b6 32. Be4 Ke7 33. Ke3 Nxe4 34. Kxe4 g6 35. Rg5 Rg8 36. Ke5 b5 37. Rd3 a5 38. Rh3 1-0

[Event "22. LIE-Open"]
[Site "?"]
[Date "2004.05.14"]
[Round "1"]
[White "Ferster Fabian"]
[Black "Kuehn Pe1"]
[Result "0-1"]
[WhiteElo "1999"]
[BlackElo "2336"]
[PlyCount "59"]
[EventDate "2004.??.??"]
[Source "www.chesslib.no"]
[SourceDate "2004.05.04"]

1. e4 d5 2. exd5 Qxd5 3. Nc3 Qa5 4. b4 Qxb4 5. Nb5 Qa5 6. Bc4 Nf6 7. Nf3 c6 8. Nbd4 b5 9. Bb3 c5 10. Ng5 e6 11. Qf3 cxd4 12. Qxa8 Qc7 13. Nxe6 fxe6 14. Qf3 Qe5+ 15. Kd1 Qe4 16. Re1 Qxf3+ 17. gxf3 Kf7 18. Bb2 Nc6 19. Rc1 Bc5 20. a3 Rd8 21. d3 Nd5 22. Kd2 Nc3 23. Rg1 a5 24. Bxc3 dxc3+ 25. Kxc3 a4 26. Ba2 Bxa3 27. Rb1 Ba6 28. Kd2 b4 29. Rbd1 Nd4 30. Rg3 0-1

[Event "SWE-ch op"]
[Site "Gotland"]
[Date "1997.??.??"]
[Round "8"]
[White "Lind, Jan Olov"]
[Black "Evertsson, Kristian"]
[Result "0-1"]
[WhiteElo "2315"]
[BlackElo "2020"]
[PlyCount "84"]
[EventDate "1997.03.21"]
[Source "ChessBase"]

1. e4 d5 2. exd5 Qxd5 3. Nc3 Qa5 4. b4 Qxb4 5. Rb1 Qd6 6. Nf3 Nf6 7. Bc4 e6 8. O-O a6 9. Re1 Be7 10. d4 O-O 11. Rb3 c5 12. Ba3 Nbd7 13. Ne4 Nxe4 14. Rxe4 b5 15. Bd3 Bb7 16. dxc5 Nxc5 17. Rh4 f5 18. Rh3 Qd5 19. c4 bxc4 20. Rxb7 Nxb7 21. Bxe7 Qxd3 22. Qe1 Rf7 23. Ne5 Qxh3 24. gxh3 Rxe7 25. Qb4 Rae8 26. Qxc4 Nd6 27. Qxa6 Nf7 28. Nf3 e5 29. Qc4 e4 30. Nd4 g6 31. Ne2 Kg7 32. Qc3+ Ne5 33. Nf4 Kh6 34. Nd5 Rd7 35. Qc1+ g5 36. Nf6 Nf3+ 37. Kg2 Nh4+ 38. Kg3 Rd3+ 39. Qe3 Rxe3+ 40. fxe3 Re6 41. Nd5 Ra6 42. a4 Rd6 0-1

[Event "It (Open) Graz AUT"]
[Site "?"]
[Date "2005.09.07"]
[Round "5"]
[White "Halser Walter"]
[Black "Dietmayer Kraeutler Marco"]
[Result "0-1"]
[WhiteElo "2118"]
[BlackElo "2213"]
[PlyCount "98"]
[EventDate "2005.??.??"]
[Source "www.chesslib.no"]
[SourceDate "2004.05.04"]

1. e4 d5 2. exd5 Qxd5 3. Nc3 Qa5 4. b4 Qxb4 5. Rb1 Qd6 6. Rb3 c6 7. Nf3 Nf6 8. d4 Qc7 9. Bd3 Nbd7 10. Ba3 e6 11. Bxf8 Nxf8 12. O-O N8d7 13. Qe2 b6 14. Ne4 Bb7 15. c4 O-O 16. Nxf6+ Nxf6 17. Ne5 Rad8 18. g4 g6 19. Qe3 Qd6 20. c5 Qxd4 21. cxb6 Nxg4 22. Qxd4 Rxd4 23. Nf3 Ra4 24. bxa7 Rxa7 25. h3 Nf6 26. Ne5 c5 27. Rc3 Rxa2 28. Rxc5 Nd5 29. Rb1 Ba8 30. Nd7 Rd8 31. Bc4 Ra7 32. Ne5 Nc3 33. Rc1 Ne4 34. Rb5 Rc7 35. Nxf7 Rxc4 36. Rxc4 Kxf7 37. Rc7+ Kf6 38. f3 Ng5 39. Kf2 Nxh3+ 40. Ke3 Ng5 41. Ra5 Bxf3 42. Kf4 Bd5 43. Ra1 h5 44. Kg3 Rb8 45. Ra3 Nf3 46. Raa7 Nd4 47. Kf4 g5+ 48. Kg3 Rb3+ 49. Kf2 Nf5 0-1

[Event "St Veit op"]
[Site "?"]
[Date "2000.??.??"]
[Round "7"]
[White "Posch Werner"]
[Black "Erharter Christian"]
[Result "1/2-1/2"]
[WhiteElo "2240"]
[BlackElo "2035"]
[PlyCount "57"]
[EventDate "2000.??.??"]
[Source "www.chesslib.no"]
[SourceDate "2004.05.04"]

1. e4 d5 2. exd5 Qxd5 3. Nc3 Qa5 4. b4 Qxb4 5. Rb1 Qd6 6. Nf3 a6 7. d4 Nf6 8. Bd3 e6 9. O-O Qd8 10. Re1 Be7 11. Bg5 Nbd7 12. Ne5 O-O 13. Rb3 c5 14. Ne4 Nxe4 15. Bxe7 Qxe7 16. Nxd7 Qxd7 17. Rxe4 f5 18. Rh4 cxd4 19. Bc4 b5 20. Rxd4 Qe7 21. Be2 e5 22. Rd5 e4 23. c4 Be6 24. cxb5 axb5 25. Rdxb5 Rxa2 26. Rb1 Rd8 27. Qf1 Rad2 28. g3 R2d5 29. Rb7 1/2-1/2

[Event "It (Men) Copenhagen DEN"]
[Site "?"]
[Date "2005.07.24"]
[Round "10"]
[White "Looijmans Karel NH"]
[Black "Ferreiro Manuel"]
[Result "1-0"]
[WhiteElo "2191"]
[BlackElo "2064"]
[PlyCount "103"]
[EventDate "2005.??.??"]
[Source "www.chesslib.no"]
[SourceDate "2004.05.04"]

1. e4 d5 2. exd5 Qxd5 3. Nc3 Qa5 4. b4 Qxb4 5. Rb1 Qd6 6. d4 Nf6 7. Nf3 c6 8. Bd3 Nbd7 9. O-O Nb6 10. Ne2 g6 11. Re1 Bg7 12. c4 Qd8 13. Bg5 O-O 14. h3 Re8 15. Qd2 Nbd7 16. a4 e5 17. Ng3 exd4 18. Ne4 c5 19. Re2 Re6 20. Rbe1 Qb6 21. Bh6 Nxe4 22. Bxe4 Nf6 23. Bd5 Rxe2 24. Rxe2 Be6 25. Bxe6 fxe6 26. Bxg7 Kxg7 27. Qe1 Re8 28. Ng5 e5 29. Rxe5 Rxe5 30. Qxe5 Kf8 31. Ne6+ Kf7 32. Ng5+ Kf8 33. Ne6+ Kf7 34. Nxc5 Qc6 35. Qxd4 b6 36. Nd3 Qe4 37. Qd6 Qe8 38. Ne5+ Kg7 39. Qc7+ Kg8 40. Nf3 Qd7 41. Qb8+ Kg7 42. Qe5 h6 43. Nd4 Qf7 44. Ne6+ Kh7 45. Nd8 Qg7 46. Nc6 Nd7 47. Qc7 a5 48. Qd6 Qa1+ 49. Kh2 Qg7 50. f4 Qf7 51. Nd8 Qg7 52. Ne6 1-0

[Event "Feffernitz"]
[Site "?"]
[Date "1996.??.??"]
[Round "?"]
[White "Winiwarter Felix"]
[Black "Djurkovic Maks"]
[Result "0-1"]
[WhiteElo "2145"]
[BlackElo "2095"]
[PlyCount "74"]
[EventDate "1996.??.??"]
[Source "www.chesslib.no"]
[SourceDate "2004.05.04"]

1. e4 d5 2. exd5 Qxd5 3. Nc3 Qa5 4. b4 Qxb4 5. Rb1 Qd6 6. Nf3 g6 7. Bc4 Bg7 8. Ne4 Qd8 9. Neg5 Nh6 10. h4 Nd7 11. Qe2 Nb6 12. Bb3 O-O 13. h5 Nd5 14. Nxh7 Kxh7 15. hxg6+ fxg6 16. Ng5+ Kg8 17. Ne6 Qd6 18. Nxf8 Kxf8 19. Qe4 c6 20. d3 Bf5 21. Qf3 Ng4 22. Bxd5 cxd5 23. Rxb7 Qe6+ 24. Kd1 Bd4 25. Be3 Nxe3+ 26. fxe3 Kg7 27. Kd2 Bc3+ 28. Kxc3 Qc6+ 29. Kd2 Qxb7 30. Qf4 Qb2 31. Qh4 Kf7 32. Qa4 Rc8 33. Rh7+ Kf8 34. Rh4 Qc3+ 35. Kd1 Bxd3 36. Qf4+ Bf5 37. Qh6+ Kf7 0-1

[Event "Stockholm ELO"]
[Site "Stockholm"]
[Date "2000.06.17"]
[Round "8"]
[White "Holving, Rasmus"]
[Black "Marder, Simon"]
[Result "0-1"]
[WhiteElo "2171"]
[BlackElo "2043"]
[PlyCount "70"]
[EventDate "2000.06.10"]
[Source "ChessBase"]
[SourceDate "2000.07.11"]

1. e4 d5 2. exd5 Qxd5 3. Nc3 Qa5 4. b4 Qxb4 5. Rb1 Qd6 6. Nf3 a6 7. Bc4 Nf6 8. d4 e6 9. O-O Be7 10. Re1 O-O 11. Bg5 Nbd7 12. Qd2 b5 13. Bf4 Qa3 14. Rb3 Qa5 15. Nd5 Nxd5 16. Qxa5 bxc4 17. Rbb1 Nxf4 18. Qxc7 Nd5 19. Qxc4 a5 20. Rb2 Bb4 21. Re4 Ba6 22. Qc6 N7f6 23. Rxe6 fxe6 24. Qxe6+ Kh8 25. Ne5 Ra7 26. c4 Bxc4 27. Qh3 Re8 28. g3 Ba6 29. Rc2 Bc3 30. Qf5 Bxd4 31. Nc6 Rc7 32. Nxd4 Rce7 33. Kg2 Nb4 34. Rd2 Bb7+ 35. Kh3 Bc8 0-1

[Event "Corr"]
[Site "?"]
[Date "2002.07.15"]
[Round "?"]
[White "Migliorini Roberto"]
[Black "Quigley Daniel J"]
[Result "1/2-1/2"]
[WhiteElo "2038"]
[BlackElo "2170"]
[PlyCount "66"]
[EventDate "2002.??.??"]
[Source "www.chesslib.no"]
[SourceDate "2004.05.04"]

1. e4 d5 2. exd5 Qxd5 3. Nc3 Qa5 4. b4 Qxb4 5. a4 Qa5 6. Ba3 Nf6 7. Rb1 c6 8. Nf3 e5 9. Bxf8 Kxf8 10. Bd3 g6 11. O-O Nbd7 12. Re1 Kg7 13. Bc4 h6 14. Re2 Qc5 15. d3 Re8 16. Qe1 b6 17. Ne4 Nxe4 18. Rxe4 Bb7 19. a5 f6 20. Ra1 Rad8 21. axb6 axb6 22. Ra7 Bc8 23. Bb3 b5 24. Qa5 Qd6 25. d4 exd4 26. Rxd4 Qb8 27. Rc7 c5 28. Rd5 Re7 29. Rcxc5 Nxc5 30. Rxd8 Nxb3 31. cxb3 Qc7 32. Qxc7 Rxc7 33. h3 h5 1/2-1/2

[Event "Corr"]
[Site "?"]
[Date "2002.07.15"]
[Round "?"]
[White "Quigley Daniel J"]
[Black "Migliorini Roberto"]
[Result "0-1"]
[WhiteElo "2170"]
[BlackElo "2038"]
[PlyCount "90"]
[EventDate "2002.??.??"]
[Source "www.chesslib.no"]
[SourceDate "2004.05.04"]

1. e4 d5 2. exd5 Qxd5 3. Nc3 Qa5 4. b4 Qxb4 5. a4 Nf6 6. a5 a6 7. Nf3 Qd6 8. Ba3 Qf4 9. Ne2 Qe4 10. d3 Qd5 11. Bb4 Nc6 12. c4 Qd8 13. Bc3 e6 14. Ng3 b5 15. axb6 cxb6 16. d4 Bb7 17. Bd3 Bb4 18. Bxb4 Nxb4 19. Qa4+ Nc6 20. O-O O-O 21. Rfd1 Ne7 22. Ne5 Qc7 23. Rab1 Nc6 24. Nf3 Na5 25. Ne5 Rfd8 26. f4 Rac8 27. Qb4 Nd7 28. Bxh7+ Kxh7 29. Nxf7 Qxc4 30. Ng5+ Kh8 31. Nf7+ Kg8 32. Qxc4 Nxc4 33. Nxd8 Rxd8 34. Rdc1 Bd5 35. Kf2 b5 36. h3 Kf7 37. Ne2 Nf6 38. Rb3 Ne4+ 39. Ke1 Rb8 40. g4 a5 41. Nc3 Nxc3 42. Rbxc3 Ke7 43. Ke2 Rf8 44. Rf1 Kd6 45. Kd3 a4 0-1

[Event "Hamburg"]
[Site "?"]
[Date "2005.10.07"]
[Round "7.85"]
[White "Berg Victor"]
[Black "Wagner Ralph"]
[Result "0-1"]
[WhiteElo "2120"]
[BlackElo "2066"]
[PlyCount "78"]
[EventDate "2005.??.??"]
[Source "www.chesslib.no"]
[SourceDate "2004.05.04"]

1. e4 d5 2. exd5 Qxd5 3. Nc3 Qa5 4. b4 Qxb4 5. Nf3 c6 6. Rb1 Qa5 7. Bc4 e6 8. O-O Nf6 9. Qe2 Be7 10. Ne5 O-O 11. f4 Nd5 12. Kh1 Nxc3 13. dxc3 Bf6 14. Rf3 g6 15. Bd2 b6 16. Rbf1 Ba6 17. Bxa6 Qxa6 18. Qe1 Qxa2 19. f5 exf5 20. Bh6 Bg7 21. Qh4 Qd5 22. Rh3 Bxe5 23. Bxf8 Kxf8 24. Rd3 Qe6 25. Rfd1 Kg7 26. Rh3 h5 27. Qd8 a5 28. Qxb6 a4 29. Rhd3 a3 30. Qb7 Ra5 31. Rd8 a2 32. Qb4 a1=Q 33. Qf8+ Kf6 34. h4 f4 35. Qh8+ Kf5 36. Qh6 Bf6 37. R8d4 Qxd1+ 38. Rxd1 Qe2 39. Rd6 Qe1+ 0-1

[Event "Cologne-ch 48th"]
[Site "?"]
[Date "1999.??.??"]
[Round "5"]
[White "Menne Stefan"]
[Black "Raabe Joachim"]
[Result "1/2-1/2"]
[WhiteElo "2055"]
[BlackElo "2125"]
[PlyCount "87"]
[EventDate "1999.??.??"]
[Source "www.chesslib.no"]
[SourceDate "2004.05.04"]

1. e4 d5 2. exd5 Qxd5 3. Nc3 Qa5 4. b4 Qe5+ 5. Be2 Bg4 6. d4 Bxe2 7. Ngxe2 Qf5 8. O-O Nf6 9. d5 g6 10. Nd4 Qd7 11. Re1 Bg7 12. Qf3 O-O 13. Bf4 Na6 14. a3 c6 15. dxc6 Qxd4 16. cxb7 Rae8 17. Rad1 Qc4 18. Be5 Nb8 19. b5 Nfd7 20. Re4 Nxe5 21. Rxc4 Nxf3+ 22. gxf3 Be5 23. a4 Bd6 24. Ne4 Rd8 25. Nxd6 exd6 26. Rcd4 Rd7 27. Rxd6 Rxb7 28. c4 Rc7 29. R1d4 Kg7 30. a5 Rfc8 31. Kf1 Rxc4 32. Rxc4 Rxc4 33. Rd8 Nc6 34. bxc6 Rxc6 35. Rd7 Ra6 36. Rd5 Kf6 37. Ke2 Ke6 38. Rb5 Kd6 39. Kd3 Rc6 40. Kd4 Ke6 41. Rc5 Rxc5 42. Kxc5 Kd7 43. f4 Kc7 44. f5 1/2-1/2